Представление документа в формате MARC21

ПолеНазваниеЗначение
  Тип записи a
  Библиографический уровень m
001 Контрольный номер RU\infra-m\znanium\bibl\2179094
005 Дата корректировки 20260429142214.0
008 Кодируемые данные 250826s2024 RU g rus u
020 Индекс ISBN __
a ISBN 978-5-16-014917-2
020 Индекс ISBN __
a ISBN 978-5-16-108976-7 (электр. издание)
040 Источник каталогиз. __
a Служба первич. каталог. Общество с ограниченной ответственностью «ЗНАНИУМ»
041 Код языка издания __
a Код языка текста rus
044 Код страны публикации __
a Код страны публикации RU
080 Индекс УДК __
a Индекс УДК 379.85(075.32)
084 Индекс другой классификации/Индекс ББК __
2 Источник индекса rubbk
a Индекс другой классификации/Индекс ББК 65.433я723
084 Индекс другой классификации/Индекс ББК __
2 Источник индекса okso
a Индекс другой классификации/Индекс ББК 43.02.16
100 Автор __
a Автор Быстров С. А.
q Полное имя Быстров Сергей Александрович
u Дополнение Санкт-Петербургский государственный университет
245 Заглавие __
a Заглавие Технология организации туроператорской и турагентской деятельности
b Продолж. заглавия Учебник
c Ответственность Санкт-Петербургский государственный университет
250 Сведения об издании __
a Основные сведения об издании 1
260 Выходные данные __
a Место издания Москва
b Издательство ООО "Научно-издательский центр ИНФРА-М"
c Дата издания 2025
300 Физическое описание __
a Объем 375 с.
440 Серия __
a Серия Среднее профессиональное образование
520 Аннотация __
a Аннотация Учебник нацелен на формирование у читателей знаний о специфике организации и функционировании предприятий занимающихся туристской деятельностью в разрезе туроперейтинга и оказания турагентских услуг; раскрывает основные организационно-юридические аспекты связанные с открытием турфирм и организацией их партнерских отношений по формированию турпродукта и его эффективному продвижению на туристском рынке. Отдельное внимание уделено кадровому обеспечению функционирования турфирм и компетенциям сотрудников в сфере работы с клиентами в том числе их знаниям туристских формальностей для ведения туристского бизнеса и предоставления качественного обслуживания потребителей (туристов). Теоретический материал учебника для повышения эффективности его усвоения подкреплен графическим материалом практическими примерами из практики туристского бизнеса статистическими данными и данными маркетинговых исследований а также ссылками на законодательно-нормативные документы регулирующие и координирующие деятельность в сфере туроператорской и турагентской деятельности. Для студентов учебных заведений реализующих программу среднего профессионального образования по специальности 43.02.10 «Туризм» а также студентов вузов. Учебник также представляет интерес для специалистов туристского рынка.
521 Примеч. о цел. назн. __
a Примеч. о целев. назн. Среднее профессиональное образование
650 Тематические рубрики __
a Основная рубрика Бизнес. Предпринимательство. Сервис
x Основная подрубрика Туристический бизнес
655 Указ. предметных рубрик (устаревшее) __
a Жанр/ форма (устаревшее) Учебник
856 Электронный адрес документа 4_
a Имя сервера/домена znanium.ru
m Помощь ebs_support@infra-m.ru
n Местонахождение сервера НИЦ ИНФРА-М
u URL https://znanium.ru/catalog/document?id=455378
856 Электронный адрес документа 48
a Имя сервера/домена znanium.ru
d Путь /cover/2179
f Электронное имя 2179094.jpg
q Тип электронного формата image/jpeg
u URL https://znanium.ru/cover/2179/2179094.jpg
911 __
u 0030=https://znanium.ru/catalog/document?id=455378